Mis montañas

Spremljeno u:
Bibliografski detalji
Glavni autor: González, Joaquín Víctor (Autor)
Format: Knjiga
Jezik:španjolski
Izdano: Buenos Aires Estrada 1958
Serija:Biblioteca de Clásicos Argentinos, 16
Teme:
Oznake: Dodaj oznaku
Bez oznaka, Budi prvi tko označuje ovaj zapis!

MARC

LEADER 00000nam a2200000 a 4500
001 UCR8478
003 CL-VaPUC
008 980529e19580000AG |||||||||||||||||spa|d
082 0 4 |a 398.232  |b GON  |2 21 
100 |a González, Joaquín Víctor  |e author  |9 410272 
245 1 0 |a Mis montañas 
300 |a 264 p 
942 |c BK 
945 |d 19980529 00:00:00  |a cmena 
260 |a Buenos Aires  |b Estrada  |c 1958 
650 7 |a LEYENDAS  |2 CL-VaPUC  |9 265258 
650 0 |a Costumbres y tradiciones   |9 268292 
650 7 |a LEYENDAS ARGENTINAS  |2 CL-VaPUC  |9 410273 
651 0 |a Argentina  |9 254888 
583 |a last modification  |c 19980529 00:00:00  |k Rodrigo Vera 
490 0 |a Biblioteca de Clásicos Argentinos, 16 
999 |c 269882  |d 269880 
952 |0 0  |1 0  |4 0  |6 398_232000000000000_GON_1958  |7 0  |8 A  |9 303936  |a BIBEDU  |b BIBEDU  |d 2019-11-20  |i 1407163  |o 398.232 GON 1958  |p 1407163  |r 2019-11-20  |w 2019-11-20  |y BK  |k LIT